000
002610000a22000970004500
100
1
_a
Urbán Fernández, Ángel
245
1
0
_a
Mujeres de la biblia : Una gran mujer
300
_a
Vol. 3, Núm 13 (1991), Páginas 32
773
0
_t
Impacto Presbiteriano
942
_c
ANA
999
_c
50970
_d
50970